| 000 | 01057nam a2200205 i 4500 | ||
|---|---|---|---|
| 001 | 180566 | ||
| 003 | ES-MaACL | ||
| 005 | 20250807205142.0 | ||
| 008 | 120614s1861 sp l |||| | spa d | ||
| 245 | 0 | 0 |
_aColección legislativa de presidios y casas de corrección de mujeres _b: comprensiva de la ordenanza general de presidios de 14 de abril de 1834, y de todas las disposiciones legales y reglamentarias referentes al ramo expedidas posteriormente hasta 1º de noviembre de 1861 / _cformada de orden de la Dirección General de Establecimientos Penales. |
| 260 |
_aMadrid : _b[s.n.], _c1861 ( _fImp. Nacional) |
||
| 300 |
_a2 v. ; _c23 cm. |
||
| 650 | 7 |
_aEstablecimientos penitenciarios de mujeres _2embne _9166995 |
|
| 650 |
_aDerecho penitenciario- _zEspaña. _9176229 |
||
| 650 |
_aDerecho penitenciario- _zEspaña. _9176229 |
||
| 710 | 1 |
_aEspaña. _tLeyes, etc. penitenciarias. _93836 |
|
| 710 | 1 |
_aEspaña. _bDirección General de Establecimientos Penales. _9165776 |
|
| 852 |
_aES-MaACL _jD-180-81 _z.- Donativo Lastres |
||
| 999 |
_c180566 _d180566 |
||